000 00477nam a22001457a 4500
020 _qHard Cover.
040 _cSINES-NUST.
082 _a004-EHS
100 _aMahnoor Ehsan.
_991137
245 _aComputational Study on Enhanced Co Sensing Properties of Boron-doped Zn12O12 Nanocluster /
_cEhsan, Mahnoor
260 _aIslamabad:
_bSINES-NUST,
_c2022.
300 _a65 p. :
_bill. ;
_c30cm.
650 _2MS-Computational Science and Engineering(Chemistry)
942 _2ddc
_cTHE
999 _c589285
_d589285